Vista normal
Vista MARC
Entrada Personal Name
Número de registros utilizados en: 1
001 - CONTROL NUMBER
- control field: 7155
003 - CONTROL NUMBER IDENTIFIER
- control field: OSt
005 - DATE AND TIME OF LATEST TRANSACTION
- control field: 20180716125259.0
008 - FIXED-LENGTH DATA ELEMENTS
- fixed length control field: 090313n| acannaabn |a aaa c
010 ## - LIBRARY OF CONGRESS CONTROL NUMBER
- LC control number: 2009039474
035 ## - SYSTEM CONTROL NUMBER
- System control number: (OCoLC)oca08045231
040 ## - CATALOGING SOURCE
- Original cataloging agency: MX-SlUA
- Language of cataloging: spa
- Transcribing agency: Mx-PuUPA
- Modifying agency: Mx-PuUPA
100 1# - HEADING--PERSONAL NAME
- Personal name: Ponce Cruz, Pedro,
375 ## - GENDER
- Gender: hombre
377 ## - ASSOCIATED LANGUAGE
- Language code: spa
- Source of code: MARc code list for languages
400 1# - SEE FROM TRACING--PERSONAL NAME
- Personal name: Cruz, Pedro Ponce
670 ## - SOURCE DATA FOUND
- Source citation: Máquinas eléctricas y técnicas modernas de control, c2008:
- Information found: t.p. (Pedro Ponce Cruz)
670 ## - SOURCE DATA FOUND
- Source citation: Biblioteca del congreso (Estados Unidos), 03 mayo 2018:
- Information found: catálogo electrónico
- Uniform Resource Identifier: https://goo.gl/V9UmRY